|
|
|
|
| LEADER |
00000cam a22000004a 4500 |
| 001 |
musev2_55475 |
| 003 |
MdBmJHUP |
| 005 |
20230905045715.0 |
| 006 |
m o d |
| 007 |
cr||||||||nn|n |
| 008 |
031128s2003 sp o 00 0 spa d |
| 010 |
|
|
|z 2004362046
|
| 020 |
|
|
|a 9788484095651
|
| 020 |
|
|
|z 9788484099581
|
| 040 |
|
|
|a MdBmJHUP
|c MdBmJHUP
|
| 043 |
|
|
|a s-pe---
|
| 050 |
0 |
4 |
|a PQ8322.L55
|b V35 2003
|
| 100 |
1 |
|
|a Valero Juan, Eva Ma.
|q (Eva María)
|
| 245 |
1 |
0 |
|a Lima en la tradicción literaria de Perú. :
|b De la leyenda urbana a la disolución del mito. /
|c Eva Ma. Valero Juan.
|
| 264 |
|
1 |
|a Lleida [Spain] :
|b Edicions de la Universitat de Lleida,
|c 2003.
|
| 264 |
|
3 |
|a Baltimore, Md. :
|b Project MUSE,
|c 0000
|
| 264 |
|
4 |
|c ©2003.
|
| 300 |
|
|
|a 1 online resource.
|
| 336 |
|
|
|a text
|b txt
|2 rdacontent
|
| 337 |
|
|
|a computer
|b c
|2 rdamedia
|
| 338 |
|
|
|a online resource
|b cr
|2 rdacarrier
|
| 504 |
|
|
|a Includes bibliographical references (p. 233-245).
|
| 588 |
|
|
|a Description based on print version record.
|
| 650 |
|
0 |
|a Peruvian literature
|x History and criticism.
|
| 651 |
|
0 |
|a Lima (Peru)
|x In literature.
|
| 655 |
|
7 |
|a Electronic books.
|2 local
|
| 710 |
2 |
|
|a Project Muse.
|e distributor
|
| 830 |
|
0 |
|a Book collections on Project MUSE.
|
| 856 |
4 |
0 |
|z Texto completo
|u https://projectmuse.uam.elogim.com/book/55475/
|
| 945 |
|
|
|a Project MUSE - Custom Collection
|